Guess the EPIC: The Musical song #10 - Statistics

General Stats
  • This quiz has been taken 50 times
  • The average score is 237 of 391
Answer Stats
Answer % Correct
I
97%
a
90%
the
83%
you
83%
he?
79%
he
79%
in
79%
is
79%
is,
79%
who
79%
No
76%
no
76%
Penelope
76%
Where
76%
where
76%
as
72%
hold
72%
Hold
72%
(Hold
72%
to
72%
We
72%
we
72%
and
69%
and-
69%
And
69%
at
69%
can
69%
don't
69%
Don't
69%
down
69%
down,
69%
down...)
69%
down.
69%
man
69%
not
69%
see
69%
this
69%
this.
69%
This
69%
when
69%
When
69%
will
69%
be
66%
for
66%
her
66%
how
66%
it
66%
it.
66%
know
66%
know!
66%
on
66%
them
66%
Then,
66%
then
66%
boy
62%
get
62%
have
62%
his
62%
king,
62%
of
62%
power.
62%
so-
62%
they-
62%
through
62%
twelve
62%
we're
62%
axes
59%
bow,
59%
bow-
59%
here
59%
Here
59%
him
59%
king's
59%
new
59%
old
59%
prince
59%
shoot
59%
stop
59%
string
59%
us
59%
wait
59%
Whoever
59%
your
59%
been
55%
cleanly
55%
gets
55%
go
55%
heard
55%
more
55%
more.
55%
pride
55%
pride,
55%
queen.
55%
queen
55%
say,
55%
stops
55%
take
55%
(Take
55%
throne,
55%
throne
55%
'til
55%
while
55%
age.
52%
arrives.
52%
back
52%
being
52%
Can't
52%
challenge.
52%
colder.
52%
comes
52%
gather
52%
he's
52%
hours.
52%
mission,
52%
played?
52%
sit
52%
slowly
52%
today
52%
We've
52%
action.
48%
action!)
48%
around?
48%
beaches.
48%
break
48%
chance
48%
(Chance
48%
damn
48%
hell
48%
Let
48%
let
48%
near
48%
now,
48%
open.
48%
our
48%
Screw
48%
taste...
48%
throat.
48%
town,
48%
bolder.
45%
competition.
45%
control.
45%
control!)
45%
diplomatic
45%
love
45%
missing?
45%
None
45%
ocean
45%
oh-
45%
oh.
45%
oh!)
45%
only
45%
slit
45%
there's
45%
who's
45%
bedroom
41%
door,
41%
from
41%
guys
41%
one
41%
rage?
41%
shaking.
41%
ship,
41%
soul!
41%
soul,
41%
strike,
41%
taking
41%
we'll...
41%
any
38%
bones!
38%
(Cut
38%
deed
38%
delays.
38%
done...
38%
fire
38%
inside
38%
into
38%
waste!
38%
ashes.
34%
ashes,
34%
breaking
34%
burn
34%
Channel
34%
channel
34%
docks
34%
great
34%
haven't
34%
leave
34%
noticed
34%
part
34%
tiny
34%
below.
31%
faith,
31%
gate
31%
pieces.
31%
spoils,
31%
(Throw
31%
crown
28%
trust,
28%
breach
24%
share
24%
wonders
24%
No matching quizzes found
Score Distribution
Percent of People with Each Score
Percentile by Number Answered
Your Score History
You have not taken this quiz